000 00612nam a22002177a 4500
003 OSt
005 20140310181915.0
008 130716t xxu||||| |||| 00| 0 eng d
020 _a9780825167843
050 _aQA 117
_b.M426 2011
082 _aTR 510
_b2152 2011
100 _aWalch Education
_9828
245 _aMathematics station activities :
_bfor common core state standards Grade 7 /
260 _aPortland, ME :
_bJ. Weston Walch,
_cc2011.
300 _a139 p.
_bill. ;
_c27 cm.
521 _aFaculty
541 _j1
562 _e1
650 _aMathematics
_9210
942 _2lcc
_cBK-TR
_kTR
999 _c6734
_d6734